| 000 | nam a22 7a 4500 | ||
|---|---|---|---|
| 999 |
_c126853 _d126853 |
||
| 008 | 170830b xxu||||| |||| 00| 0 eng d | ||
| 050 | _aREF PN6081.A652 1993 | ||
| 100 |
_aAndrews, Robert _935452 |
||
| 245 |
_aThe Columbia dictionary of qoutations _c/ Robert Andrews |
||
| 260 |
_aNew York _bColumbia University Press _c1993 |
||
| 300 |
_axii, 1092p. ; _c26cm. |
||
| 650 |
_aQuotations, English _935453 |
||
| 650 |
_aQuotations _935454 |
||
| 942 |
_2lcc _cMONOGRAPH |
||